000
00275nam a22001217a 4500
008
170516b xxu||||| |||| 00| 0 eng d
041
_a
eng
080
_2
3 ED
_a
94(4)
100
_a
16
101
_a
SHH
245
_a
A HISTORY OF RUSSIA
_c
RIASANOVSKY.N
942
_2
udc
_c
BK
999
_c
13459
_d
13459